Australian Cities With a Major Sports Team - Statistics

General Stats
  • This quiz has been taken 124 times
  • The average score is 11 of 15
Answer Stats
No. of Teams Answer % Correct
20 Melbourne
100%
20 Sydney
100%
8 Brisbane
99%
7 Perth
97%
6 Adelaide
95%
2 Hobart
86%
2 Gold Coast
82%
3 Canberra
81%
2 Newcastle
76%
1 Cairns
68%
1 Geelong
66%
1 Townsville
64%
2 Wollongong
53%
1 Central Coast
40%
1 Sunshine Coast
36%
No matching quizzes found
Score Distribution
Percent of People with Each Score
Percentile by Number Answered
Your Score History
You have not taken this quiz